| 000 | 01839nam a2200361Ia 4500 | ||
|---|---|---|---|
| 001 | ebr10051674 | ||
| 003 | CaPaEBR | ||
| 006 | m u | ||
| 007 | cr cn||||||||| | ||
| 008 | 031210s2004 dcu sb 100 0 eng d | ||
| 020 | _z0309091098 (pbk.) | ||
| 020 | _z0309528380 (pdf) | ||
| 040 |
_aCaPaEBR _cCaPaEBR |
||
| 035 | _a(OCoLC)61455334 | ||
| 050 | 1 | 4 |
_aHV6250.4.W65 _bA38 2004eb |
| 082 | 0 | 4 |
_a362.88/082/0973 _222 |
| 245 | 0 | 0 |
_aAdvancing the federal research agenda on violence against women _h[electronic resource] / _cSteering Committee for the Workshop on Issues in Research on Violence Against Women ; Candace Kruttschnitt, Brenda L. McLaughlin, and Carol V. Petrie, editors ; Committee on Law and Justice, Division of Behavioral and Social Sciences and Education, National Research Council of the National Academies. |
| 260 |
_aWashington, D.C. : _bNational Academies Press, _cc2004. |
||
| 300 | _axi, 131 p. | ||
| 500 | _aBased on a workshop convened by the National Research Council in January 2. | ||
| 504 | _aIncludes bibliographical references. | ||
| 533 |
_aElectronic reproduction. _bPalo Alto, Calif. : _cebrary, _d2009. _nAvailable via World Wide Web. _nAccess may be limited to ebrary affiliated libraries. |
||
| 650 | 0 |
_aWomen _xCrimes against _zUnited States _vCongresses. |
|
| 650 | 0 |
_aWomen _xCrimes against _xResearch _zUnited States _vCongresses. |
|
| 650 | 0 |
_aWomen _xViolence against _zUnited States _vCongresses. |
|
| 650 | 0 |
_aWomen _xViolence against _xResearch _zUnited States _vCongresses. |
|
| 655 | 7 |
_aElectronic books. _2local |
|
| 700 | 1 | _aKruttschnitt, Candace. | |
| 700 | 1 | _aMcLaughlin, Brenda L. | |
| 700 | 1 | _aPetrie, Carol. | |
| 710 | 2 | _aebrary, Inc. | |
| 856 | 4 | 0 |
_uhttp://site.ebrary.com/lib/rucke/Doc?id=10051674 _zAn electronic book accessible through the World Wide Web; click to view |
| 999 |
_c170470 _d170470 |
||